Estadísticas para Ganadores del Campeonato Europeo de Fútbol

Haz click aquí para intentar la prueba.

Estadísticas generales

  • Esta prueba ha sido intentada 141 veces
  • La puntuación promedio es 11 de 16

Estadísticas de respuestas

AñoGanador% Correcto
2020Italia
98%
2012España
97%
2008España
97%
2016Portugal
94%
2004Grecia
91%
2000Francia
87%
1996Alemania
86%
1992Dinamarca
66%
1980Alemania
65%
1988Países Bajos
62%
1964España
61%
1984Francia
60%
1972Alemania
54%
1986Italia
50%
1960Rusia | URSS
46%
1976República Checa | ČSSR
27%

Distribución de puntuación

Porcentaje por número respondido

Porcentaje de gente con cada puntuación

Historial de tus puntuaciones

No has intentado esta prueba.